000 00889nam a2200277Ia 4500
001 Para_6660
003 CHAP
008 220125s1981 xx 000 0 und d
010 _a205507
040 _cCHAP
090 _aPA FOLLETO 656
245 _aInvestigaciones agronómicas /
_c Centro de Investigaciones Agríclas 'Alberto Boerger' - Vol. 1 No. 1 (May 1981) Vol. 2 No. 1 (May 1981)
260 _aUruguay :
_b CIA
300 _aV
650 _aAgricultura
_x investigación
_x publicaciones periódicas
_91661
650 _aAgricultura
_x Uruguay
_9171539
650 _aUruguay
_x Agricultura
_9171540
710 _aCentro de Investigaciones Agríclas 'Alberto Boerger'
_9171541
901 _aPA FOLLETO 656
902 _aA
905 _a0000001981 0000000000 00
910 _a1981
942 _cPARA
942 _cPARA
_d1
999 _c205507
_d205507